000 00741nam a2200229 u 4500
001 000019321
005 20200929170000.0
008 100624s1991 pe r 000 0 spa d
040 _aDO-SdBNP
_bspa
_cBNPHU
082 _aCu861.44
_bF363a
100 1 _aFernández, Amando
_d1949-
_941547
245 1 0 _aAntología personal /
_cAmando Fernández; editor Jaime Campodonico.
260 _aLima :
_bJaime Campodonico,
_c1991.
300 _a59 p. ;
_c21 cm.
490 1 _aDel sol blanco.
500 _aIncluye datos biográficos del autor en la solapa de la cubierta.
650 4 _aPoesía cubana
_95226
650 4 _aLiteratura cubana
_91483
700 1 _aCapodonico, Jaime,
_eed.
_941548
830 0 _aDel sol blanco.
_941549
049 _aBNGR
999 _c18838
_d18838